Super Mario Characters - Statistics

General Stats
  • This quiz has been taken 88 times
  • The average score is 11 of 15
Answer Stats
Hint Answer % Correct
Good guy with a L on hat Luigi
100%
Good guy with a M on hat Mario
100%
Princess with pink dress Peach
98%
The small guy with a mushroom hat Toad
98%
The main bad guy Bowser
97%
The bad guy with a W on hat Wario
88%
The evil gorilla Donkey Kong
83%
The evil gorilla's sidekick Diddy Kong
72%
The bad guy with a L on hat Waluigi
72%
The good guy with a pink mushroom hat Toadette
57%
The main bad guy's sidekick Bowser Jr.
55%
The enemy with green shell Koopa Troopa
55%
The brown mushroom enemy Goomba
52%
The giant ball on a chain Chain Chomp
43%
The biting plant that comes out of a tube Piranha Plant
41%
No matching quizzes found
Score Distribution
Percent of People with Each Score
Percentile by Number Answered
Your Score History
You have not taken this quiz